[Event "Mar del Plata"]
[Site "Mar del Plata"]
[Date "1982.??.??"]
[Round "?"]
[White "Quinteros, Miguel A"]
[Black "Panno, Oscar"]
[Result "1/2-1/2"]
[WhiteElo "2505"]
[BlackElo "2510"]

1.c4 Nf6 2.Nc3 e5 3.e3 g6 4.d4 d6 5.Nge2 Bg7 6.g3 O-O 7.Bg2 c6 8.O-O Re8
9.h3 Na6 10.e4 Qb6 11.d5 cxd5 12.cxd5 Bd7 13.a3 Rec8 14.b4 Nh5 15.Be3 Qd8
16.Qd2 Nc7 17.g4 Nf6 18.a4 h5 19.f3 hxg4 20.fxg4 Nh7 21.Rf2 Be8 22.b5 Bf6
23.Nc1 Bh4 24.Rf3 Bd7 25.Nb3 Ng5 26.Rff1 Ne8 27.Qd3 Ng7 28.Rac1 Nh7 29.Rc2 Bg5
30.Bxg5 Nxg5  1/2-1/2